| 000 | 01190nab a2200241 i 4500 | ||
|---|---|---|---|
| 001 | 768714001 | ||
| 003 | CO-MdFUSB | ||
| 005 | 20260305160934.0 | ||
| 008 | 240618t1988 us ||||| |||| 00| 0 eng d | ||
| 040 |
_bspa _cCO-MdFUSB _dCO-MdFUSB |
||
| 041 | _aspa | ||
| 100 |
_aDayton, Donald H., _eautor |
||
| 245 | 3 |
_aThe Holy Spirit and christian expansion in the twentieth century _c/ Donald H. Dayton |
|
| 520 | _aEl pentecostalismo no debe ser visto como una secta, un subgrupo del protestantismo o incluso como una rama del “evangelicalismo”. La tradición pentecostal es una “tercera fuerza” y debe verse como un correctivo de las tradiciones clásicas de la fe cristiana. Visto desde este punto de vista, tiene implicaciones ecuménicas, historiográficas y misionológicas únicas. | ||
| 546 | _aTexto en inglés | ||
| 630 | 0 | _aEcumenismo e humanismo, | |
| 650 | 0 |
_aPentecostalismo _9142 |
|
| 650 | 0 |
_aProtestantismo _9947 |
|
| 650 | 7 |
_aCristianismo y cultura _96959 |
|
| 773 | 0 |
_049486 _982777 _d Pasadena _oR2652 _tMissiology: _w(CO-MdFUSB)97 _gVolumen 16, (4, 1988) páginas: 397 - 408 _qpágina: 397 |
|
| 942 | _cANA | ||
| 945 | _aCatherine Arias Álvarez - Practicante SENA | ||
| 999 |
_c70249 _d70249 |
||